000 00218 a2200097 4500
001 42972
100 _aNehru
245 _aNehru a political biography
260 _aLondon
_bOxford Univ press
_c
090 _c26849
_d26849
942 _aNUST-CAE
_cM
_c18723
999 _c278045
_d278045